| 000 | nam a22 a 4500 | ||
|---|---|---|---|
| 999 |
_c4618 _d4618 |
||
| 003 | AKMAL | ||
| 005 | 20170607093159.0 | ||
| 008 | 170607s2014 my ab e 000 0 may d | ||
| 020 |
_a9789675391279 _qpaperback _cRM37.90 |
||
| 040 | _cAKMAL | ||
| 082 | 0 | 4 |
_a297.23 MSA _223 |
| 090 | 0 | 0 |
_a297.23 _bMSA |
| 100 | 0 |
_aMohammad Suhair Asyraf, _d1995- _eauthor. _98896 |
|
| 245 | 1 | 0 |
_aKRONOLOGI MISTERI : _bMENJELANG KEMUNCULAN IMAM MAHDI DAN KEDATANGAN NABI ISA / _cMOHAMMAD SUHAIR ASYRAF |
| 264 | 1 |
_aPetaling Jaya, Selangor : _bHijjaz Records Publishing, _c2014 |
|
| 300 |
_a264 pages : _bcolour illustrations, colour map ; _c21 cm |
||
| 336 |
_atext _2rdacontent |
||
| 337 |
_aunmediated _2rdamedia |
||
| 338 |
_avolume _2rdacarrier |
||
| 504 | _aBibliography: pages 261-264 | ||
| 650 | 1 | 0 |
_aMahdism _98897 |
| 650 | 2 | 0 |
_aIslamic eschatology _91940 |
| 650 | 2 | 0 |
_aEnd of the world (Islam) _91964 |
| 942 |
_2ddc _cBOOK |
||